000 00239 a2200097 4500
020 _a9780143475873
100 _aPrabhudas Gandhi
245 _aThe dawn of life: M. K. Gandhi in South Africa
260 _bPenguin/Viking
_c2025
942 _cOO
999 _c115654
_d115653